mysqli: Table './ulib62015/stat_globaluid' is marked as crashed and should be repaired
select id from stat_globaluid where statuid='20260517112116_2973'
mysqli: Table './ulib62015/stat_globaluid' is marked as crashed and should be repaired
DELETE FROM stat_globaluid
WHERE id NOT IN (
SELECT id
FROM (
SELECT id
FROM stat_globaluid
ORDER BY id DESC
LIMIT 100
) foo
);
mysqli: Table './ulib62015/stat_globaluid' is marked as crashed and should be repaired
insert into stat_globaluid set
statuid='20260517112116_2973',
dt='1778991676',
phpself='/ULIB62015/dublinfull.php',
agent='Mozilla/5.0 AppleWebKit/537.36 (KHTML, like Gecko; compatible; ClaudeBot/1.0; +claudebot@anthropic.com)',
yea='2026',
mon='5',
dat='17',
ip='216.73.216.45'
mysqli: Table './ulib62015/stathist_viewbib_bib_type' is marked as crashed and should be repaired
insert into stathist_viewbib_bib_type set
dat='17' ,
mon='05' ,
yea='2026' ,
statuid='20260517112116_2973' ,
head='13399122687' ,
foot='marc' ,
dt='1778991676'
| LEADER : 00000nam 2200000uu 4500 |
| 001 13399122687 |
| 003 ULIB |
| 008 200531s2018||||th 000 0 eng d |
| 020 ^a9780702071669
|
| 060 04 ^aWN180^bC466 2018
|
| 245 10 ^aChapman and Nakielny's guide to radiological procedures /^cNick Watson and Hefin Jones
|
| 246 10 ^aGuide to radiological procedures
|
| 250 ^aSeventh edition.
|
| 260 ^aNew York :^bElsevier Limited,^cc2018.
|
| 300 ^axviii, 446 pages ;^c21 cm.
|
| 504 ^aIncludes bibliographical references and index.
|
| 650 12 ^aRadiography
|
| 650 2 ^aTechnology, Radiologic.
|
| 700 1 ^aWatson, Nick,^eed.^q(Nicholas A.)
|
| 700 1 ^aChapman, Stephen,^eed.,^d1953-
|
| 730 0 ^aChapman & Nakielny a guide to radiological procedures.
|
| 945 ^p1440^l0^i027807
|
| 945 ^p1440^l0^i027808 |
| 999 ^a57066
|
| คุณยังไม่ได้ล็อกอิน คุณสามารถมีกิจกรรมร่วมกับเว็บไซต์ได้ แต่ต้องล็อกอินก่อน :: |
|
|
|
| ลำดับที่ |
ประเภท |
เลขเรียก/บาร์โค้ด |
สถานที่ |
สถานะ |
| 1. |
 หนังสือ | WN180 C466 2018 c.1 Barcode: 027807 | หนังสือทั่วไป | บนชั้น ขอยืม |
| Note:งบประมาณปี 2563 |
| 2. |
 หนังสือ | WN180 C466 2018 c.2 Barcode: 027808 | หนังสือทั่วไป | บนชั้น ขอยืม |
| Note:งบประมาณปี 2563 |
รายการใกล้เคียง
หัวเรื่อง [Radiography] หัวเรื่อง [Technology, Radiologic.]
|
|
ยังไม่เคยถูกคอมเมนท์
|
| คอมเมนท์ทรัพยากรรายการนี้ |
|